=LDR 00000nam 2200000 4500 =001 INLIS000000000045891 =005 20150211131321.0 =006 =007 =008 =020 ##$$a 978-979-18368-4-5 =035 ##$$0010-021500000000451 =040 ##$$a NBPDMAT =082 ##$$a 628.53 =090 ##$$a 628.53 $b End s =100 ##$$a Endah Kusumardani =245 ##$$a Seri IPA dan Teknologi : $b Udara Dan Lingkungan / $c Endah Kusumawardani ; Editor Juwariyah =250 ##$$a Cet. 2 =260 ##$$a Jakarta $b Media Komunikasi $c 2010 =300 ##$$a iv, 52 hlm $b Ilus $c 25 cm =500 ##$$a Bibliografi : hal. 49-50 =650 ##$$a Udara Pencemaran =700 ##$$a Juwariyah